000 00965nam2a22002771 4500
001 RU\NLR\INFOCOMM\1000035828
005 20250806205942.0
035 _a(NLR Aleph) 002764635
090 _a56354
_c56354
100 _a20040202d1945 u y0rusy50 ca
101 0 _arus
102 _aRU
105 _ay |||||||||
200 1 _aТелефонные коммутаторы МБ фирмы "Вестерн электрик" (США)
_fА.Н. Волоцкой
210 _d1945
461 0 _1001RU\NLR\INFOCOMM\1000035770
_12001#$aИнформационное письмо$fВсесоюз. науч.-ислед. ин-т ж.-д. транспорта$v15(70)
700 1 _aВолоцкой
_bА.Н.
_4070
801 1 _aRU
_bInfoComm
_c20040202
801 0 _aRU
_bNLR
_gPSBO
852 _aNLR
_jП10/646
942 _cISSUE
945 _aРоссийская национальная библиотека
980 _aNB
980 _aBV
980 _aRUSPER